Stand by me : ricordo di un'estate /

Đã lưu trong:
Chi tiết về thư mục
Tác giả chính: Nitzsche, Jack (Nhà soạn nhạc)
Tác giả khác: King, Stephen, (1947- ) (Biên kịch), Feldman, Corey (Diễn viên), Dreyfuss, Richard (Diễn viên), Phoenix, River (Diễn viên), Reiner, Rob (Giám đốc), Gideon, Raynold (Người viết kịch bản), Wheaton, Wil (Diễn viên), Evans, Bruce A. (Người viết kịch bản)
Định dạng: Slide
Ngôn ngữ:Tiếng Italy
Được phát hành: [Roma] : L'Unità, [1996]
Loạt:Americana ; 18
Các nhãn: Thêm thẻ
Không có thẻ, Là người đầu tiên thẻ bản ghi này!

MARC

LEADER 00000ngm a22000007i 4500
001 IT\ICCU\TO0\0609725
003 ItRI
005 20260124182909.0
008 980428s1996 it |||||||||||||||k|||||c
040 |b ita 
041 7 |a ita  |2 ISO-639-2 
130 0 |a Stand by Me <film ; 1986>  |3 IT\ICCU\RAV\1099966 
245 0 0 |a Stand by me :  |b ricordo di un'estate /  |c un film di Rob Reiner ; musiche di Jack Nitzsche ; sceneggiatura di Raynold Gideon & Bruce A. Evans ; tratto dalla novella "The body" di Stephen King. 
260 |a [Roma] :  |b L'Unità,  |c [1996] 
300 |a 1 videocassetta (VHS) (86 min.) :  |b color., son 
500 |a Tit. del contenitore 
500 |a Film del 1986, USA; interpreti: Wil Wheaton, River Phoenix, Coery Feldman, Richard Dreyfus 
500 |a Vietato ai minori di 14 anni 
500 |a Suppl. a: L'Unità. 
700 1 |a King, Stephen,  |d  (1947- )  |0 IT\ICCU\CFIV\000568  |4 aus 
700 1 |a Feldman, Corey  |0 IT\ICCU\MODV\310930  |4 act 
700 1 |a Dreyfuss, Richard  |0 IT\ICCU\RAVV\088824  |4 act 
700 1 |a Phoenix, River  |0 IT\ICCU\RAVV\095106  |4 act 
700 1 |a Reiner, Rob  |0 IT\ICCU\RAVV\099693  |4 drt 
700 1 |a Nitzsche, Jack  |0 IT\ICCU\RAVV\101397  |4 cmp 
700 1 |a Gideon, Raynold  |0 IT\ICCU\UBOV\494466  |4 sce 
700 1 |a Wheaton, Wil  |0 IT\ICCU\UBOV\557296  |4 act 
700 1 |a Evans, Bruce A.  |0 IT\ICCU\UBOV\557297  |4 sce 
790 1 |a Bachman, Richard  |3 IT\ICCU\CFIV\019520  |z King, Stephen (1947- ) 
790 1 |a Evans, Beryl  |c  (pseudonimo)  |3 IT\ICCU\CFIV\336284  |z King, Stephen (1947- ) 
790 1 |a Reiner, Robert Norman  |3 IT\ICCU\SBNV\124276  |z Reiner, Rob 
830 0 |a Americana ;  |v 18  |0 IT\ICCU\RAV\0278880 
942 |2 ddc  |c VM  |n 0 
952 |0 0  |1 0  |4 0  |6 VO_908_000000000000000  |7 0  |9 27738  |a BO  |b BO  |d 2026-01-24  |i 7871  |l 0  |o VO 908  |p BO7871  |r 2026-01-24 18:29:09  |w 2026-01-24  |x [Sebina 5] [1 videocassetta]  |y VM  |z 1 videocassetta 
999 |c 23510  |d 23510